Top 100 NBA Players of All-Time (2024) - Statistics

General Stats
  • This quiz has been taken 39 times
  • The average score is 67 of 100
Answer Stats
Answer % Correct
Michael Jordan
100%
Lebron James
97%
Magic Johnson
97%
Steph Curry
97%
Kobe Bryant
94%
Shaquille O'Neal
94%
Dennis Johnson
91%
Jerry West
91%
Kareem Abdul-Jabbar
91%
Larry Bird
91%
Scottie Pippen
91%
Wilt Chamberlain
91%
Bill Russell
88%
Hakeem Olajuwon
88%
Karl Malone
88%
Kevin Durant
88%
Moses Malone
88%
Nikola Jokic
88%
Tim Duncan
88%
Tony Parker
88%
Dennis Rodman
85%
Dirk Nowitzki
85%
Dwayne Wade
85%
John Stockton
85%
Kevin Garnett
85%
David Robinson
82%
Giannis Antetokounmpo
82%
James Harden
82%
Julius Erving
82%
Kawhi Leonard
82%
Kyrie Irving
82%
Russell Westbrook
82%
Isiah Thomas
79%
Oscar Robertson
79%
Paul Pierce
79%
Chris Paul
76%
Manu Ginobili
76%
Steve Nash
76%
Allen Iverson
74%
Anthony Davis
74%
Bob Cousy
74%
Charles Barkley
74%
Luka Doncic
74%
Patrick Ewing
74%
Reggie Miller
74%
Chris Bosh
71%
Jason Kidd
71%
John Havlicek
71%
Pau Gasol
71%
Tracy McGrady
71%
Damian Lillard
68%
Gary Payton
68%
George Gervin
68%
Kevin McHale
68%
Paul George
68%
Clyde Drexler
65%
Dwight Howard
65%
Joel Embiid
65%
Ray Allen
65%
Vince Carter
65%
Walt Frazier
65%
Bob Pettit
62%
Carmelo Anthony
62%
Dominique Wilkins
62%
Elgin Baylor
62%
George Mikan
62%
Jayson Tatum
62%
Chris Webber
59%
Wes Unseld
59%
Bob McAdoo
56%
Chauncey Billups
56%
James Worthy
56%
Rick Barry
56%
Willis Reed
56%
Bernard King
53%
Dikembe Mutombo
53%
Tim Hardaway
53%
Alex English
50%
Ben Wallace
50%
Elvin Hayes
50%
Jaylen Brown
50%
Jimmy Butler
50%
Joe Dumars
50%
Alonzo Mourning
47%
Devin Booker
44%
Chris Mullin
41%
Dave Cowens
41%
Karl Anthony-Towns
41%
Nate Tiny Archibald
41%
Amar'e Stoudemire
35%
LaMarcus Aldridge
35%
Adrian Dantley
32%
Artis Gilmore
32%
Domantas Sabonis
32%
Paul Arizin
32%
Rudy Gobert
32%
Sidney Moncrief
32%
Bradley Beal
21%
Mitch Richmond
18%
Larry Nance
9%
No matching quizzes found
Score Distribution
Percent of People with Each Score
Percentile by Number Answered
Your Score History
You have not taken this quiz